Estatísticas para Cultura Geral

Clique aqui para jogar o quiz

Estatísticas Gerais

  • Esse quiz foi jogado 10 vezes
  • A pontuação média é 5 de 15

Estatísticas das Respostas

HintResposta% Correto
Que nome damos ao local onde se acende fogo para cozinhar ou aquecer um ambiente?Lareira
80%
Que nome damos a um pedaço de tecido de linho ou de algodão usado para secar ou enxugar qualquer parte do corpo que se molhe ou se lave ou usado para estender sobre superfícies?Toalha
70%
Chicken and dumplings é um prato típico de que país?Estados Unidos
60%
Que nome damos a uma instituição que conserva artefatos de importância científica, artística, cultural ou histórica?Museu
60%
Que nome damos à peça usada à mesa, cuja função básica é limpar dedos e lábios, e/ou proteger parte do vestuário contra salpicos de alimentos, durante as refeições?Guardanapo
50%
Que nome damos a uma pessoa que trabalha a bordo de um barco?Marinheiro
50%
Qual é o símbolo do magnésio?Mg
50%
Que elemento tem como símbolo P?Fósforo
40%
Que nome damos ao material afixado a um recipiente ou produto, no qual são escritas ou impressas informações?Rótulo
30%
Que nome damos ao sistema no qual pessoas são vistas como propriedade privada e são forçadas a trabalhar?Escravatura
20%
Que nome damos a uma ferramenta utilizada para consertar e modificar objetos?Alicate
10%
Que nome damos a uma forma de jogo que envolve o sorteio de números aleatoriamente para um prémio?Lotaria
10%
Kartulipõrsad é um prato típico de que país?Estónia
0%
Que nome damos à ciência, arte, prática ou tecnologia, de planejar e executar uma viagem de um ponto de partida até seu destino?Navegação
0%
Que nome damos ao relato no qual se afirma prever acontecimentos futuros?Profecia
0%

Distribuição das Pontuações

Percentil de Números Respondidos

Porcentagem de Pessoas com Cada Pontuação

Sua Pontuação Histórica

Você não jogou esse quiz